Benjamin Franklin, (Record no. 553317)

000 -LEADER
fixed length control field 00375cam a2200133u 4500
082 ## - DEWEY DECIMAL CLASSIFICATION NUMBER
Classification number 920.00973
Author Mark BUR
100 1# - MAIN ENTRY--PERSONAL NAME
Personal name Burlingame, Roger,
9 (RLIN) 50201
245 00 - TITLE STATEMENT
Title Benjamin Franklin,
Remainder of title the first Mr. American.
260 ## - PUBLICATION, DISTRIBUTION, ETC.
Place of publication, distribution, etc. New York,
Name of publisher, distributor, etc. New American Library
Date of publication, distribution, etc. [1955]
300 ## - PHYSICAL DESCRIPTION
Extent 127 p.
Dimensions 19 cm.
526 ## - STUDY PROGRAM INFORMATION NOTE
Program name 0
Interest level 0
Reading level 0
Title point value 920_009730000000000_BUR
650 ## - SUBJECT ADDED ENTRY--TOPICAL TERM
Topical term or geographic name entry element MCE
9 (RLIN) 379
942 ## - ADDED ENTRY ELEMENTS (KOHA)
Source of classification or shelving scheme
Koha item type Book
Holdings
Withdrawn status Lost status Source of classification or shelving scheme Damaged status Not for loan Permanent Location Current Location Shelving location Date acquired Total Checkouts Full call number Barcode Date last seen Price effective from Koha item type
          Military College of Engineering (MCE) Military College of Engineering (MCE)   02/04/2015   920.00973 BUR MCE-MCB/4.2 02/04/2015 02/04/2015 Book
© 2023 Central Library, National University of Sciences and Technology. All Rights Reserved.